Enseñar ética y ciudadanía : derechos humanos, democracia y participación /

Obra de educación cívica dirigida a los docentes de educación media en Argentina, que presenta diversas herramientas metodológicas que le faciliten desarrollar los temas propuestos en el libro Aprender ética y ciudadanía, diseñado para los alumnos.

Gorde:
Xehetasun bibliografikoak
Egile nagusia: Fariña, Mabel Beatriz (autor)
Beste egile batzuk: Klainer, Rosa Ester (autor) (autor)
Formatua: Liburua
Hizkuntza:gaztelania
Argitaratua: Buenos Aires, Argentina : Lugar Editorial, 2004, c2004
Saila:(Enseñar y Aprender Lugar Editorial)
Gaiak:
Etiketak: Etiketa erantsi
Etiketarik gabe, Izan zaitez lehena erregistro honi etiketa jartzen!

MARC

LEADER 00000nam^a2200000^a^4500
001 000181707
005 20250521000000.0
009 20260310101942.646
020 |a 950-892-181-1 
037 |a Acervo ITESO - Biblioteca 
041 |a ESP 
082 |a 370. 1150982  |b FAR 
100 |a Fariña, Mabel Beatriz  |e (autor) 
245 1 0 |a Enseñar ética y ciudadanía :  |b derechos humanos, democracia y participación /  |c M.B. Fariña, R.E. Klainer. 
264 4 |a Buenos Aires, Argentina :  |b Lugar Editorial,  |c 2004, c2004 
300 |a 126 p. 
336 |a texto  |b txt  |2 rdacontenido 
337 |a sin mediación  |b n  |2 rdamedio 
338 |a volumen  |b nc  |2 rdasoporte 
440 1 |a (Enseñar y Aprender Lugar Editorial) 
520 |a Obra de educación cívica dirigida a los docentes de educación media en Argentina, que presenta diversas herramientas metodológicas que le faciliten desarrollar los temas propuestos en el libro Aprender ética y ciudadanía, diseñado para los alumnos. 
649 |a XX 
650 |a Ciudadanía 
650 |a Participación Política 
650 |a Participación Social 
650 |a Democracia 
650 |a Nación 
650 |a Estado, El 
650 |a Derechos Humanos 
650 |a Etica -  |x Estudio y Enseñanza 
650 |a Educación Cívica -  |x Estudio y Enseñanza 
650 |a Educación Cívica -  |z Argentina 
650 |a Educación Media -  |z Argentina 
650 |a Educación -  |z Argentina 
700 |a Klainer, Rosa Ester  |e (autor) 
910 |a Fondo General 
920 |a Impresos - Libros 
930 |a Colección General 
905 |a 101 
901 |a 0500121511  |b IT1  |c ACC  |u 20250521 
902 |a https://opac.biblio.iteso.mx/vufind/Record/000181707